Three-component microelectromechanical accelerometer; 22nd Saint Petersburg International Conference on Integrated Navigation Systems, ICINS 2015

Dades bibliogràfiques
Parent link:22nd Saint Petersburg International Conference on Integrated Navigation Systems, ICINS 2015.— 2015.— P. 338-342
Autor principal: Koleda A. N. Aleksey Nikolaevich
Autor corporatiu: Национальный исследовательский Томский политехнический университет
Altres autors: Barbin E. S. Evgeny Sergeevich, Nesterenko T. G. Tamara Georgievna
Sumari:The design and modeling of the three-component micromechanical accelerometer (MMA) is performed. The technique to create a macromodel of MMA is developed. The study and simulation of the accelerometer were performed using the engineering analysis software package of the finite element ANSYS Myltiphysics and simulation program fornonlinear dynamic systems MATLAB/Simulink.
В фонде НТБ ТПУ отсутствует
Idioma:anglès
Publicat: 2015
Matèries:
Format: MixedMaterials Capítol de llibre
KOHA link:https://koha.lib.tpu.ru/cgi-bin/koha/opac-detail.pl?biblionumber=602589

MARC

LEADER 00000naa0a2200000 4500
001 602589
005 20251128114146.0
035 |a (RuTPU)RU\TPU\tpu\28491 
090 |a 602589 
100 |a 20160628d2015 k||y0rusy50 ba 
101 0 |a eng 
102 |a RU 
200 1 |a Three-component microelectromechanical accelerometer  |f A. N. Koleda, E. S. Barbin, T. G. Nesterenko 
320 |a [References: 5 tit.] 
330 |a The design and modeling of the three-component micromechanical accelerometer (MMA) is performed. The technique to create a macromodel of MMA is developed. The study and simulation of the accelerometer were performed using the engineering analysis software package of the finite element ANSYS Myltiphysics and simulation program fornonlinear dynamic systems MATLAB/Simulink. 
333 |a В фонде НТБ ТПУ отсутствует 
463 1 |t 22nd Saint Petersburg International Conference on Integrated Navigation Systems, ICINS 2015  |o Saint Petersburg, Russian Federation, 25 May 2015 - 27 May 2015 : Proceedings  |f eds. A. K. Krytova, V. G. Peshekhonov  |v P. 338-342  |d 2015 
610 1 |a труды учёных ТПУ 
610 1 |a электродная структура 
610 1 |a макромодели 
610 1 |a микромеханические акселерометры 
610 1 |a модальный анализ 
700 1 |a Koleda  |b A. N.  |c Specialist in the field of instrument making  |c Engineer of Tomsk Polytechnic University  |f 1985-  |g Aleksey Nikolaevich  |3 (RuTPU)RU\TPU\pers\33286  |9 17031 
701 1 |a Barbin  |b E. S.  |c specialist in the field of instrument engineering  |c engineer of Tomsk Polytechnic University  |f 1988-  |g Evgeny Sergeevich  |3 (RuTPU)RU\TPU\pers\36470 
701 1 |a Nesterenko  |b T. G.  |c specialist in the field of mechanical engineering  |c Associate Professor of Tomsk Polytechnic University, Candidate of technical sciences  |f 1946-  |g Tamara Georgievna  |3 (RuTPU)RU\TPU\pers\30970  |9 15208 
712 0 2 |a Национальный исследовательский Томский политехнический университет  |c (2009- )  |9 26305 
801 1 |a RU  |b 63413507  |c 20160628 
801 2 |a RU  |b 63413507  |c 20160628  |g RCR 
942 |c BK